[Event "Ulaanbaatar MICA op"]
[Site "Ulaanbaatar"]
[Date "2023.10.27"]
[Round "1"]
[White "Orgil, Gantumur"]
[Black "Enkhrii, Enkh Amgalan"]
[Result "1-0"]
[WhiteElo "2089"]
[BlackElo "1875"]
[PlyCount "111"]
[EventDate "2023.10.27"]
[EventType "swiss"]
[EventRounds "9"]
[EventCountry "MGL"]
[SourceTitle "CB48_2023"]
[SourceDate "2023.11.29"]
[SourceVersion "1"]
[SourceVersionDate "2023.11.29"]
[SourceQuality "1"]

1. d4 Nf6 2. Bf4 g6 3. Nc3 c5 4. d5 d6 5. e4 Bg7 6. h4 h5 7. Be2 Bd7 8. Nf3 Qb6 9. Rb1 a5 10. Nd2 a4 11. Nc4 Qd8 12. e5 dxe5 13. Nxe5 Bf5 14. a3 Ne4 15. Bb5+ Kf8 16. 0-0 Bf6 17. Nxe4 Bxe4 18. Re1 Bf5 19. d6 Kg7 20. Qd5 Be6 21. Qxb7 Qa5 22. Bc4 Ra7 23. Qe4 Bf5 24. Qf3 exd6 25. Nxf7 Rxf7 26. Bxf7 Bxc2 27. Bg5 Qd8 28. Bxf6+ Qxf6 29. Qxf6+ Kxf6 30. Rbc1 Kxf7 31. Rxc2 Nc6 32. Rc4 Nd4 33. Rxa4 Rb8 34. Ra7+ Kf6 35. Ra6 Nf5 36. Re2 Rb3 37. g3 Rd3 38. Kg2 Rd5 39. a4 c4 40. Rc2 Rc5 41. Rc3 Ke5 42. Kf1 d5 43. f4+ Kd4 44. Ke2 Rc7 45. Rxg6 Rb7 46. Rc2 Re7+ 47. Kd2 Ne3 48. Rc1 Rb7 49. Rb1 Nf5 50. a5 Rb3 51. a6 Rd3+ 52. Ke1 Re3+ 53. Kf2 Re7 54. Rg5 Ne3 55. Re1 Ng4+ 56. Rxg4 1-0

[Event "World Amateur-ch"]
[Site "Mellieha"]
[Date "2022.10.26"]
[Round "6"]
[White "Orgil, Gantumur"]
[Black "Abdilkhair, Abilmansur"]
[Result "0-1"]
[WhiteElo "2094"]
[BlackElo "2257"]
[PlyCount "52"]
[EventDate "2022.10.21"]
[EventType "swiss"]
[EventRounds "9"]
[EventCountry "MLT"]
[SourceTitle "EXT 2024"]
[Source "ChessBase"]
[SourceDate "2023.10.10"]
[SourceVersion "1"]
[SourceVersionDate "2023.10.10"]
[SourceQuality "1"]

1. d4 d5 2. Bf4 Nf6 3. e3 c5 4. c3 Nc6 5. Nd2 Bf5 6. Qb3 Qc8 7. Ngf3 e6 8. Nh4 c4 9. Qd1 b5 10. Nxf5 exf5 11. Be2 Be7 12. h3 h6 13. g4 a5 14. gxf5 Qxf5 15. Bf3 0-0 16. Qb1 Qe6 17. h4 Bd6 18. Bxd6 Qxd6 19. h5 b4 20. Ke2 Qe6 21. Rg1 a4 22. Qf1 Rfd8 23. Qg2 Ne8 24. Nxc4 a3 25. bxa3 bxc3 26. Rac1 Nxd4+ 0-1

[Event "Budapest FS05 FM"]
[Site "Budapest"]
[Date "2017.05.13"]
[Round "7"]
[White "Orgil, Gantumur"]
[Black "Zhukov, Anton"]
[Result "1-0"]
[WhiteElo "2058"]
[BlackElo "2099"]
[PlyCount "77"]
[EventDate "2017.05.07"]
[EventType "tourn"]
[EventRounds "10"]
[EventCountry "HUN"]
[SourceTitle "CBM 178 Extra"]
[Source "ChessBase"]
[SourceDate "2017.06.22"]
[SourceVersion "1"]
[SourceVersionDate "2017.06.22"]
[SourceQuality "1"]

1. d4 f5 2. e4 fxe4 3. Nc3 Nf6 4. Bg5 g6 5. f3 d5 6. fxe4 dxe4 7. d5 Bg7 8. Bc4 Qd6 9. Nge2 Bf5 10. Bf4 Qc5 11. Qd4 Qxd4 12. Nxd4 Nh5 13. Be3 a6 14. Be2 Nf6 15. Nxf5 gxf5 16. 0-0 Ng4 17. Bxg4 fxg4 18. Nxe4 Nd7 19. Ng5 h6 20. Ne6 Be5 21. Bf4 Rc8 22. Rae1 Bxf4 23. Rxf4 Rg8 24. Nd4 Kd8 25. c4 Nc5 26. Rf7 Re8 27. b4 Na4 28. Ne6+ Kd7 29. Ng7 Nb2 30. Nxe8 Rxe8 31. Re4 Nd3 32. a3 b5 33. c5 Kd8 34. Re3 Nb2 35. Re6 Nc4 36. Rxa6 Kd7 37. Rxh6 Nxa3 38. Kf2 Nc2 39. Rf4 1-0

[Event "Budapest FS05 FM"]
[Site "Budapest"]
[Date "2017.05.09"]
[Round "3"]
[White "Orgil, Gantumur"]
[Black "Havaskori, Laszlo"]
[Result "1-0"]
[WhiteElo "2058"]
[BlackElo "1878"]
[PlyCount "99"]
[EventDate "2017.05.07"]
[EventType "tourn"]
[EventRounds "10"]
[EventCountry "HUN"]
[SourceTitle "CBM 178 Extra"]
[Source "ChessBase"]
[SourceDate "2017.06.22"]
[SourceVersion "1"]
[SourceVersionDate "2017.06.22"]
[SourceQuality "1"]

1. d4 Nf6 2. Nf3 e6 3. c4 d5 4. g3 c5 5. Bg2 Nc6 6. 0-0 Be7 7. Nc3 0-0 8. cxd5 exd5 9. dxc5 d4 10. Na4 Bg4 11. a3 b5 12. cxb6 axb6 13. b4 d3 14. exd3 Nd4 15. Nc3 Bxb4 16. Bb2 Bc5 17. Ne4 Ra7 18. Nxc5 bxc5 19. Bxd4 cxd4 20. Qd2 Re8 21. Qf4 Bxf3 22. Bxf3 h6 23. a4 Re6 24. Rfc1 Qd6 25. Qxd6 Rxd6 26. Bc6 Ng4 27. Bb5 g5 28. Rc6 Rxc6 29. Bxc6 Ne5 30. Bb5 g4 31. Kg2 Kg7 32. Re1 Nf3 33. Rc1 Ne5 34. h3 h5 35. Rc5 Kf6 36. Rd5 Rc7 37. Rxd4 Rc1 38. hxg4 hxg4 39. Bd7 Nf3 40. Rf4+ Ke7 41. Bxg4 Ne1+ 42. Kh2 Nxd3 43. Rf3 Ne5 44. Re3 Kf6 45. Be2 Ra1 46. f4 Nd7 47. Bb5 Nc5 48. Rc3 Nxa4 49. Rc7 Nb6 50. Rc6+ 1-0

[Event "Budapest FS05 FM"]
[Site "Budapest"]
[Date "2017.05.07"]
[Round "1"]
[White "Orgil, Gantumur"]
[Black "Hart, Alexander E"]
[Result "1-0"]
[WhiteElo "2058"]
[BlackElo "1794"]
[PlyCount "141"]
[EventDate "2017.05.07"]
[EventType "tourn"]
[EventRounds "10"]
[EventCountry "HUN"]
[SourceTitle "CBM 178 Extra"]
[Source "ChessBase"]
[SourceDate "2017.06.22"]
[SourceVersion "1"]
[SourceVersionDate "2017.06.22"]
[SourceQuality "1"]

1. d4 d5 2. Nf3 Nf6 3. g3 g6 4. Bg2 Bg7 5. c4 c6 6. 0-0 0-0 7. Nbd2 Bf5 8. Qb3 Qb6 9. Qa3 Re8 10. c5 Qa6 11. Qxa6 Nxa6 12. Nb3 Nd7 13. Bf4 e5 14. Nxe5 Nxe5 15. Bxe5 Bxe5 16. dxe5 Rxe5 17. e3 Nb4 18. Rfd1 a5 19. a3 Nd3 20. g4 Nxb2 21. gxf5 Nxd1 22. Rxd1 Rxf5 23. a4 Re5 24. Nd4 Kf8 25. Rd3 Rae8 26. Nb3 Ra8 27. f4 Re7 28. Kf2 f5 29. h4 h5 30. Rc3 Kf7 31. Bf3 Kf6 32. Bd1 Re6 33. Nd4 Re7 34. Bc2 Rd8 35. Rb3 Ra8 36. Bd1 Rc7 37. Rb6 Rf8 38. Bf3 Ke7 39. Ke2 Kd7 40. Kd3 Ke7 41. Nb3 Ra8 42. Kd4 Kf7 43. Nc1 Rd8 44. Nd3 Kf6 45. Rb1 Rg8 46. Rg1 Rcg7 47. Ne5 Rc8 48. Rb1 Rgc7 49. Be2 Rd8 50. Rb6 Rdc8 51. Bb5 Kg7 52. Rxb7 Rxb7 53. Nxc6 Ra8 54. Ne5 Rxb5 55. axb5 a4 56. Nd3 a3 57. Nc1 Ra5 58. c6 a2 59. Nxa2 Rxa2 60. c7 Rc2 61. b6 Kf6 62. Kxd5 Ke7 63. b7 Rxc7 64. b8Q Rd7+ 65. Ke5 Kf7 66. Qb3+ Kg7 67. Ke6 Rc7 68. Qd5 Kh7 69. Kf6 Rg7 70. Qf7 Rxf7+ 71. Kxf7 1-0